Poznať, chrániť, zveľadiť

Bibliographic Details
Main Author: Sojka, Viliam (Author)
Format: Article
Language:Slovak
Subjects:

MARC

LEADER 00000nab a2200000 a 4500
001 vtls000154174
003 SK-MaSNL
005 20260304225445.0
008 140301c1983 xo 0 slo
015 |a SNBRB19rr/mm-uuuuu 
035 |a CL0164281 
040 |a SNKBUCL  |b slo  |c SNKBUCL  |e AACR2 
041 0 |a slo 
044 |a xo  |c SK 
080 |a 504.06:37.01  |2 1981 
080 |a 37.01  |2 1981 
100 1 |a Sojka, Viliam  |4 aut  |9 515427 
245 1 0 |a Poznať, chrániť, zveľadiť  |c Viliam Sojka 
650 0 7 |a životné prostredie  |2 snkbucl  |9 786 
650 0 7 |a Svetový deň životného prostredia  |2 snkbucl  |9 900602 
655 7 |a články z novín a časopisov  |2 snkbucl  |9 267496 
773 0 |t Učiteľské noviny  |g Roč. 33, č. 22 (1983), s. 1 
850 |a Slovenská národná knižnica v Martine  |a MTA001 
852 |a SNK  |b KIS3GCP 
958 |a RK 
992 |a RBX 
999 |c 3177713  |d 3179643